| Tag |
First Indicator |
Second Indicator |
Subfields |
| LEADER |
00000cas a2200000 a 4500 |
| 001 |
in00000948639 |
| 005 |
20150925135652.0 |
| 007 |
hd afv|||baca |
| 008 |
860103d164u164umiuuu p a 0 ua0eng d |
| 010 |
|
|
|a sf 87090285
|
| 035 |
|
|
|a (OCoLC)12968132
|
| 035 |
|
|
|9 AES5930AM
|
| 037 |
|
|
|a CL0037000007
|b UMI
|
| 037 |
|
|
|b University Microfilms International, 300 N. Zeeb Rd., Ann Arbor, MI 48106.
|
| 040 |
|
|
|a EAA
|c EAA
|d DLC
|d UtOrBLW
|
| 042 |
|
|
|a msc
|
| 049 |
|
|
|a TXAI
|
| 050 |
0 |
0 |
|a Microfilm 05018
|
| 099 |
|
|
|a film
|a B
|a 3609
|
| 130 |
0 |
|
|a Perfect diurnall, or, The proceedings in Parliament (S.n. : 1642)
|
| 245 |
1 |
2 |
|a A perfect diurnall, or, The proceedings in Parliament.
|
| 246 |
1 |
0 |
|a Perfect diurnall
|
| 246 |
1 |
0 |
|a Proceedings in Parliament
|
| 264 |
|
1 |
|a [London?] :
|b [publisher not identified]
|
| 300 |
|
|
|a volumes
|
| 336 |
|
|
|a text
|b txt
|2 rdacontent
|
| 337 |
|
|
|a microform
|b h
|2 rdamedia
|
| 338 |
|
|
|a microfilm reel
|b hd
|2 rdacarrier
|
| 500 |
|
|
|a Title from caption.
|
| 500 |
|
|
|a Description based on: July 11-19, 1642.
|
| 533 |
|
|
|a Microfilm.
|b Ann Arbor, Mich. :
|c University Microfilms,
|d 1967.
|e 1 microfilm reel ; 35 mm.
|f (Early English books, 1641-1700 ; 260:E.202, no. 18)
|
| 500 |
|
|
|a Reproduction of original in Thomason Collection, British Library; UMI reels listed in chronological order of serial publication; scattered holdings listed.
|
| 500 |
|
|
|a Microform.
|
| 651 |
|
0 |
|a Great Britain
|x History
|y Civil War, 1642-1649
|x Periodicals.
|
| 651 |
|
0 |
|a Great Britain
|x Politics and government
|y 1625-1649
|x Periodicals.
|
| 830 |
|
0 |
|a Early English books, 1641-1700 ;
|v 260:E.202, no. 18.
|
| 999 |
|
|
|a MARS
|
| 999 |
f |
f |
|s 05ba58a3-d2f9-3c98-b648-d82c9fa51110
|i efe09ba9-00dc-3e1d-ac88-8bcf40011304
|t 0
|
| 952 |
f |
f |
|p default
|a Texas A&M University
|b College Station
|c Sterling C. Evans Library
|d Evans: Microforms (3rd floor)
|t 0
|e film B 3609
|h Other scheme
|i microform -- microfilm reel
|
| 998 |
f |
f |
|a film B 3609
|t 0
|l Evans: Microforms (3rd floor)
|